[Event "Chigorin Memorial 2018"]
[Site "St. Petersburg"]
[Date "2018.10.29"]
[Round "3.94"]
[White "Sinitsina, Anastassia"]
[Black "Zasukhin, Mikhail"]
[Result "1/2-1/2"]
[WhiteElo "2130"]
[BlackElo "1943"]
[PlyCount "97"]
[EventDate "2018.10.27"]
[EventType "swiss"]
[EventCountry "RUS"]
[WhiteTeam "Estland"]
[BlackTeam "Russland"]
[WhiteTeamCountry "EST"]
[BlackTeamCountry "RUS"]

1. e4 c6 2. d4 d5 3. Nd2 g6 4. Ngf3 h5 5. Bd3 Nh6 6. c3 Bg7 7. Qc2 O-O 8. O-O Na6 9. Re1 Nc7 10. b3 Re8 11. Nf1 dxe4 12. Bxe4 Bf5 13. Bd2 Bxe4 14. Rxe4 e6 15. Rd1 Nd5 16. c4 Nf6 17. Ree1 Nf5 18. Bc3 Qc7 19. Qb2 Nh7 20. N1d2 Rad8 21. Ne4 b6 22. b4 Qf4 23. Qa3 Re7 24. Qa4 Red7 25. Qxc6 Nxd4 26. Bxd4 Bxd4 27. Rd2 Nf6 28. c5 bxc5 29. bxc5 Rd5 30. Nxf6+ Bxf6 31. Rxd5 Rxd5 32. Qa8+ Kg7 33. Qxa7 Qc4 34. h3 Rxc5 35. a3 Rc6 36. Re3 Ra6 37. Qb7 Qc1+ 38. Kh2 Rxa3 39. Rxe6 Qf4+ 40. Kg1 Ra1+ 41. Re1 Rxe1+ 42. Nxe1 Qc1 43. Qe4 Bc3 44. Kf1 Qa1 45. h4 Bf6 46. g3 Bc3 47. Qe3 Bd4 48. Qe4 Bc3 49. Qe3 1/2-1/2

[Event "Chigorin Memorial 2018"]
[Site "St. Petersburg"]
[Date "2018.10.29"]
[Round "3.95"]
[White "Vasiliev, Georgiy"]
[Black "Pavlov, Mark"]
[Result "1-0"]
[WhiteElo "2124"]
[BlackElo "1924"]
[PlyCount "71"]
[EventDate "2018.10.27"]
[EventType "swiss"]
[EventCountry "RUS"]
[WhiteTeam "Russland"]
[BlackTeam "Russland"]
[WhiteTeamCountry "RUS"]
[BlackTeamCountry "RUS"]

1. c4 d6 2. Nc3 g6 3. g3 Bg7 4. Bg2 Nd7 5. e4 e5 6. Nge2 Ne7 7. d3 O-O 8. Be3 Nc6 9. Qd2 Nd4 10. Bxd4 exd4 11. Nb5 c5 12. Nxd6 Ne5 13. Nxc8 Qxc8 14. h3 a6 15. f4 Nd7 16. O-O Re8 17. g4 b5 18. b3 Nb6 19. a4 bxc4 20. bxc4 Nd7 21. Rab1 Nb8 22. Ng3 Nc6 23. e5 Ra7 24. Ne4 Qc7 25. Rfe1 Nb4 26. Nxc5 a5 27. Nb3 Bf8 28. Kh1 Qd7 29. Re4 Qxa4 30. Nxd4 Rd8 31. Qc3 Bc5 32. e6 Bxd4 33. Rxd4 Rxd4 34. Qxd4 Re7 35. Ra1 Nc2 36. exf7+ 1-0

[Event "Chigorin Memorial 2018"]
[Site "St. Petersburg"]
[Date "2018.10.29"]
[Round "3.96"]
[White "Ismagilov, Damir"]
[Black "Dushin, Nikolay"]
[Result "1-0"]
[WhiteElo "2116"]
[BlackElo "1881"]
[PlyCount "63"]
[EventDate "2018.10.27"]
[EventType "swiss"]
[EventCountry "RUS"]
[WhiteTeam "Russland"]
[BlackTeam "Russland"]
[WhiteTeamCountry "RUS"]
[BlackTeamCountry "RUS"]

1. d4 g6 2. e4 Bg7 3. Nc3 a6 4. Be3 d6 5. f4 Nd7 6. Nf3 b5 7. Bd3 c5 8. a4 b4 9. Ne2 Bb7 10. c3 bxc3 11. bxc3 Ngf6 12. d5 Qc7 13. Rb1 O-O 14. c4 Rfb8 15. O-O Bc8 16. Rc1 Nf8 17. Bd2 Bg4 18. Nh4 e6 19. h3 Bxe2 20. Qxe2 Rb2 21. Rc2 Rxc2 22. Bxc2 Rb8 23. Bc3 Nh5 24. Bxg7 Kxg7 25. f5 Qe7 26. Qf2 Nf6 27. Qg3 Nh5 28. Qg4 Kh8 29. dxe6 fxe6 30. fxg6 Nxg6 31. Nxg6+ hxg6 32. Qxg6 1-0

[Event "Chigorin Memorial 2018"]
[Site "St. Petersburg"]
[Date "2018.10.29"]
[Round "3.97"]
[White "Abdurakhmanov, Mukhmmadali"]
[Black "Khodko, Yurii N."]
[Result "1-0"]
[WhiteElo "2106"]
[BlackElo "1858"]
[PlyCount "115"]
[EventDate "2018.10.27"]
[EventType "swiss"]
[EventCountry "RUS"]
[WhiteTeam "Usbekistan"]
[BlackTeam "Russland"]
[WhiteTeamCountry "UZB"]
[BlackTeamCountry "RUS"]

1. e4 e6 2. d4 d5 3. Nd2 Nf6 4. e5 Nfd7 5. Bd3 c5 6. c3 Nc6 7. Ne2 cxd4 8. cxd4 f6 9. exf6 Qxf6 10. Nf3 h6 11. O-O Bd6 12. Bb1 O-O 13. Qd3 Rd8 14. Ng3 Nf8 15. Re1 Bd7 16. a3 Be8 17. Ba2 Bg6 18. Qd2 Rac8 19. b4 b6 20. Bb3 Rc7 21. Bb2 Rdc8 22. Ne5 Bxe5 23. dxe5 Qf7 24. Rac1 a5 25. Ba4 axb4 26. axb4 Qe7 27. Ba3 Ra7 28. Bxc6 Rxa3 29. Qd4 Qa7 30. h4 b5 31. Qxa7 Rxa7 32. Bxb5 Rb8 33. Rc5 Rab7 34. Ba6 Rxb4 35. h5 Bh7 36. Rc7 d4 37. Kf1 Ra4 38. Be2 d3 39. Bf3 Ra2 40. Rd1 Rbb2 41. Nh1 Ra5 42. Rc6 Rxe5 43. Rd6 Ree2 44. Kg1 Red2 45. Ra1 Rb8 46. Ng3 Rdb2 47. Ra4 R2b4 48. Ra5 R4b6 49. Rd4 Re8 50. Be4 e5 51. Rxd3 Bxe4 52. Nxe4 Nh7 53. Ra7 Rbe6 54. Rdd7 Kh8 55. Rxg7 Nf6 56. Ng3 Rg8 57. Rgf7 Rxg3 58. fxg3 1-0

[Event "Chigorin Memorial 2018"]
[Site "St. Petersburg"]
[Date "2018.10.29"]
[Round "3.98"]
[White "Vasilenko, Ekaterina"]
[Black "Yaroslavtsev, Artem"]
[Result "0-1"]
[WhiteElo "1785"]
[BlackElo "2097"]
[PlyCount "82"]
[EventDate "2018.10.27"]
[EventType "swiss"]
[EventCountry "RUS"]
[WhiteTeam "Ukraine"]
[BlackTeam "Russland"]
[WhiteTeamCountry "UKR"]
[BlackTeamCountry "RUS"]

1. e4 g6 2. d4 Bg7 3. g3 d6 4. Bg2 Nf6 5. Ne2 O-O 6. O-O Nc6 7. c3 e5 8. d5 Ne7 9. h3 Ne8 10. f4 f5 11. Nd2 Nf6 12. c4 c6 13. fxe5 dxe5 14. Nc3 c5 15. a3 Ne8 16. b4 cxb4 17. Nb5 Bd7 18. Qb3 a6 19. d6 axb5 20. cxb5+ Kh8 21. dxe7 Qxe7 22. a4 Bxb5 23. Re1 Qc5+ 24. Kh2 Qc3 25. Qxc3 bxc3 26. Nb3 Rxa4 27. Rxa4 Bxa4 28. Nc5 Bc6 29. Ne6 Rf6 30. exf5 Rxf5 31. Bxc6 bxc6 32. g4 Rf2+ 33. Kg3 Rc2 34. Bg5 Bf6 35. Bxf6+ Nxf6 36. Rxe5 Rd2 37. Kf3 c2 38. Rc5 Nd7 39. Rxc6 Ne5+ 40. Ke3 Rd3+ 41. Ke2 Nxc6 0-1

[Event "Chigorin Memorial 2018"]
[Site "St. Petersburg"]
[Date "2018.10.29"]
[Round "3.99"]
[White "Tencati, Giuseppe"]
[Black "Klevets, Ksenia"]
[Result "1-0"]
[WhiteElo "2095"]
[BlackElo "1834"]
[PlyCount "109"]
[EventDate "2018.10.27"]
[EventType "swiss"]
[EventCountry "RUS"]
[WhiteTeam "Italien"]
[BlackTeam "Russland"]
[WhiteTeamCountry "ITA"]
[BlackTeamCountry "RUS"]

1. e4 c5 2. Nf3 Nc6 3. d4 cxd4 4. Nxd4 g6 5. c4 Nf6 6. Nc3 Nxd4 7. Qxd4 d6 8. Be3 Bg7 9. Be2 O-O 10. Qd2 a5 11. Rd1 Bd7 12. b3 Bc6 13. f3 Nd7 14. O-O b6 15. Nd5 Bxd5 16. Qxd5 Nc5 17. Rb1 Qc7 18. Rfc1 Rfc8 19. g3 Qc6 20. Qd2 Ra7 21. Bf1 h5 22. Bh3 Rb8 23. Bf1 Kh7 24. Rd1 Qd7 25. Qd5 Qe6 26. h4 Qxd5 27. Rxd5 Bh6 28. Bf2 Bg7 29. Be2 Bf6 30. Kg2 Raa8 31. Be3 Na6 32. a3 Nc5 33. Kf2 Kg8 34. Rdd1 Kf8 35. Bc1 Rc8 36. Ke3 a4 37. b4 Nb3 38. Bb2 Bxb2 39. Rxb2 Rd8 40. f4 e5 41. Rd5 f6 42. Bd1 Nd4 43. c5 dxc5 44. bxc5 Rxd5 45. exd5 bxc5 46. fxe5 fxe5 47. Ke4 Re8 48. d6 Nb3 49. Bxb3 axb3 50. Rxb3 Kf7 51. Kd5 c4 52. Rf3+ Kg7 53. Kxc4 e4 54. Re3 Ra8 55. Kd4 1-0

[Event "Chigorin Memorial 2018"]
[Site "St. Petersburg"]
[Date "2018.10.29"]
[Round "3.100"]
[White "Serov, Aleksandr"]
[Black "Mohite, Ranveer"]
[Result "0-1"]
[WhiteElo "1688"]
[BlackElo "2091"]
[PlyCount "106"]
[EventDate "2018.10.27"]
[EventType "swiss"]
[EventCountry "RUS"]
[WhiteTeam "Russland"]
[BlackTeam "Indien"]
[WhiteTeamCountry "RUS"]
[BlackTeamCountry "IND"]

1. Nf3 d5 2. g3 Bg4 3. Bg2 Nd7 4. h3 Bh5 5. O-O c6 6. d3 e6 7. Qe1 Bd6 8. e4 Ne7 9. e5 Bc7 10. d4 c5 11. c3 O-O 12. Na3 a6 13. Bg5 h6 14. Bxe7 Qxe7 15. Rc1 Rac8 16. Nc2 Bb6 17. Qd2 Nb8 18. dxc5 Bxc5 19. Nfd4 Nc6 20. f4 Bg6 21. Kh1 Rfd8 22. g4 Bxc2 23. Rxc2 Bxd4 24. cxd4 Qb4 25. Rd1 Qxd2 26. Rcxd2 Na5 27. b3 Rc3 28. f5 Rdc8 29. fxe6 fxe6 30. Rf1 Rf8 31. Kh2 Nc6 32. Kg1 Nb4 33. Rfd1 Rf4 34. Bf1 g6 35. Kg2 Nc2 36. Kg1 Nb4 37. Kg2 g5 38. Kh2 Kg7 39. Kg2 Nc6 40. Kg1 Nb4 41. Kg2 Nc2 42. Kg1 Ne3 43. Re1 Nxf1 44. Rxf1 Rxh3 45. Rxf4 gxf4 46. Rc2 Kg6 47. Rc7 Kg5 48. Rg7+ Kh4 49. Rg6 Kg3 50. Rxe6 Rh2 51. Rf6 Rxa2 52. Kf1 f3 53. Ke1 f2+ 0-1

[Event "Chigorin Memorial 2018"]
[Site "St. Petersburg"]
[Date "2018.10.29"]
[Round "3.101"]
[White "Tahay, Romain"]
[Black "Pankova, Julia"]
[Result "1-0"]
[WhiteElo "2089"]
[BlackElo "1826"]
[PlyCount "61"]
[EventDate "2018.10.27"]
[EventType "swiss"]
[EventCountry "RUS"]
[WhiteTeam "Frankreich"]
[BlackTeam "Russland"]
[WhiteTeamCountry "FRA"]
[BlackTeamCountry "RUS"]

1. d4 Nf6 2. c4 e6 3. Nc3 Bb4 4. e3 O-O 5. Bd3 d5 6. Nf3 b6 7. O-O Bb7 8. a3 Bd6 9. b4 dxc4 10. Bxc4 Nbd7 11. Bb2 Qe7 12. Be2 e5 13. dxe5 Nxe5 14. Nd4 Rfd8 15. Ncb5 Qd7 16. Rc1 a6 17. Nxd6 Qxd6 18. f3 Nd5 19. Nf5 Qe6 20. Qc2 Rac8 21. Bd4 c5 22. bxc5 bxc5 23. Ba1 Nf6 24. e4 Rd7 25. Qc3 Ng6 26. Bc4 Qc6 27. Bd5 Qc7 28. Bxb7 Qxb7 29. Nxg7 Rd4 30. Nf5 Rcd8 31. Qxc5 1-0

[Event "Chigorin Memorial 2018"]
[Site "St. Petersburg"]
[Date "2018.10.29"]
[Round "3.102"]
[White "Patel, Palak"]
[Black "Khadzhiev, Valery"]
[Result "0-1"]
[WhiteElo "1672"]
[BlackElo "2087"]
[PlyCount "82"]
[EventDate "2018.10.27"]
[EventType "swiss"]
[EventCountry "RUS"]
[WhiteTeam "Indien"]
[BlackTeam "Russland"]
[WhiteTeamCountry "IND"]
[BlackTeamCountry "RUS"]

1. Nf3 d5 2. d4 c6 3. e3 Bg4 4. c4 Bxf3 5. Qxf3 e6 6. Nc3 Nf6 7. Bd3 Be7 8. Bd2 O-O 9. g4 Nbd7 10. Qg3 dxc4 11. Bxc4 Nd5 12. h4 N7b6 13. Bb3 a5 14. a3 a4 15. Ba2 Nxc3 16. Bxc3 Nd5 17. Bd2 c5 18. g5 Qb6 19. Bc1 Qc6 20. O-O cxd4 21. e4 Nb6 22. Qd3 e5 23. Bd2 Qd7 24. Qg3 Bd6 25. Kg2 Kh8 26. Rac1 Qb5 27. Rb1 Qe2 28. Bb4 Bxb4 29. axb4 Qxe4+ 30. Kg1 Qf5 31. Rbe1 f6 32. Bb1 Qd7 33. f4 Nd5 34. fxe5 Ne3 35. Rf2 fxe5 36. Be4 Rxf2 37. Kxf2 Rf8+ 38. Kg1 Rf4 39. Bf3 g6 40. Re2 Nf5 41. Qh3 d3 0-1

[Event "Chigorin Memorial 2018"]
[Site "St. Petersburg"]
[Date "2018.10.29"]
[Round "3.103"]
[White "Vetokhina, Sofia"]
[Black "Don, Aleksandr"]
[Result "1/2-1/2"]
[WhiteElo "1595"]
[BlackElo "2086"]
[PlyCount "80"]
[EventDate "2018.10.27"]
[EventType "swiss"]
[EventCountry "RUS"]
[WhiteTeam "Russland"]
[BlackTeam "Russland"]
[WhiteTeamCountry "RUS"]
[BlackTeamCountry "RUS"]

1. d4 d5 2. c4 e6 3. g3 Nf6 4. Bg2 h6 5. Nf3 c5 6. O-O Nc6 7. cxd5 exd5 8. Nc3 Be6 9. b3 Rc8 10. Bb2 cxd4 11. Nxd4 Nxd4 12. Qxd4 Bc5 13. Qd3 O-O 14. Rfd1 Qe7 15. e3 Rfd8 16. Ne2 Bg4 17. Re1 Bb4 18. Bc3 Bxe2 19. Bxb4 Qxb4 20. Qxe2 Ne4 21. Bxe4 dxe4 22. Red1 Qc3 23. Qg4 Qc2 24. Rd7 Rxd7 25. Qxd7 Qc6 26. Qd4 Qc3 27. Rd1 Qxd4 28. Rxd4 Rc2 29. Rd7 Rxa2 30. Rxb7 a5 31. g4 a4 32. bxa4 Rxa4 33. Kg2 g6 34. Kg3 Kg7 35. Re7 Kf6 36. Re8 Rb4 37. Kg2 Ra4 38. Kg3 Rb4 39. Kg2 Ra4 40. Kg3 Rb4 1/2-1/2

[Event "Chigorin Memorial 2018"]
[Site "St. Petersburg"]
[Date "2018.10.29"]
[Round "3.104"]
[White "Vetokhin, Ilia"]
[Black "Atakishiev, Emil"]
[Result "1/2-1/2"]
[WhiteElo "2082"]
[BlackElo "1658"]
[PlyCount "148"]
[EventDate "2018.10.27"]
[EventType "swiss"]
[EventCountry "RUS"]
[WhiteTeam "Russland"]
[BlackTeam "Russland"]
[WhiteTeamCountry "RUS"]
[BlackTeamCountry "RUS"]

1. d4 d5 2. c4 e6 3. Nc3 Be7 4. cxd5 exd5 5. Bf4 c6 6. e3 Bf5 7. g4 Be6 8. h3 Nd7 9. Nf3 h6 10. Bd3 g5 11. Bg3 h5 12. gxh5 Rxh5 13. Ne5 Nxe5 14. Bxe5 Rxh3 15. Rxh3 Bxh3 16. Qh5 Be6 17. Qh8 Kd7 18. O-O-O Nf6 19. Qg7 Ne8 20. Qh6 f6 21. Bg3 Bd6 22. e4 Bxg3 23. fxg3 Nd6 24. exd5 cxd5 25. Rf1 Qf8 26. Qg6 Qf7 27. Rxf6 Qxg6 28. Rxg6 Rg8 29. Rh6 Rf8 30. Rh7+ Rf7 31. Rxf7+ Nxf7 32. Nd1 Nd6 33. Ne3 Ne4 34. Bxe4 dxe4 35. a3 Bb3 36. Kd2 Ke6 37. Kc3 Bd5 38. Kd2 Bc6 39. g4 Bd7 40. Kc3 b6 41. Nc4 b5 42. Ne3 a5 43. Nf5 a4 44. Ne3 Kd6 45. Kb4 Kc6 46. Ka5 Be6 47. Kb4 Bd7 48. Kc3 Be6 49. Kd2 Kd6 50. Ke2 Bd7 51. Kf2 Kc6 52. Kg3 Be6 53. Kf2 Bd7 54. Ke1 b4 55. Kd2 bxa3 56. bxa3 Be6 57. Kc3 Kd6 58. Kb4 Bd7 59. Kc4 Bc8 60. Kb4 Bd7 61. Ka5 Kc7 62. Ka6 Kc6 63. Ka5 Kc7 64. Kb4 Kd6 65. Kc4 Bc8 66. Kc3 Be6 67. Kd2 Kc6 68. Kc3 Kd6 69. d5 Bxd5 70. Kd4 Bc6 71. Nf5+ Ke6 72. Ng3 e3 73. Kxe3 Ke5 74. Ne2 Kd5 1/2-1/2

[Event "Chigorin Memorial 2018"]
[Site "St. Petersburg"]
[Date "2018.10.29"]
[Round "3.105"]
[White "Lavrinovitsh, Denis"]
[Black "Tarielashvili, Diana"]
[Result "1-0"]
[WhiteElo "2078"]
[BlackElo "1503"]
[PlyCount "115"]
[EventDate "2018.10.27"]
[EventType "swiss"]
[EventCountry "RUS"]
[WhiteTeam "Russland"]
[BlackTeam "Russland"]
[WhiteTeamCountry "RUS"]
[BlackTeamCountry "RUS"]

1. e4 c5 2. c4 Nc6 3. Nc3 g6 4. g3 Bg7 5. Bg2 e6 6. Nge2 Nge7 7. d3 Nd4 8. Be3 Nec6 9. O-O a6 10. f4 O-O 11. e5 d6 12. exd6 Qxd6 13. Ne4 Qe7 14. Rb1 b6 15. Nxd4 cxd4 16. Bd2 Bb7 17. b4 Rfe8 18. c5 b5 19. Nd6 Reb8 20. Qe2 Qd7 21. Qe4 f5 22. Qe2 Bf8 23. Nxb7 Rxb7 24. Rfe1 Re8 25. g4 Rbb8 26. gxf5 exf5 27. Qf3 Rbc8 28. Qd5+ Qxd5 29. Bxd5+ Kg7 30. Rxe8 Rxe8 31. Bxc6 Re2 32. Rd1 Re7 33. Re1 Rc7 34. Bd5 a5 35. a3 axb4 36. axb4 Bxc5 37. bxc5 Rxc5 38. Bb3 Rc7 39. Re5 Ra7 40. Rxb5 Ra1+ 41. Kg2 Rb1 42. Bc4 Rd1 43. Rb2 Kf6 44. Bb4 g5 45. fxg5+ Kxg5 46. Bc5 h5 47. Bxd4 Kg4 48. h3+ Kf4 49. Rf2+ Kg5 50. Be3+ Kg6 51. h4 Kf6 52. d4 Re1 53. Bg5+ Kg6 54. Bd3 Rd1 55. Bxf5+ Kg7 56. Rd2 Rxd2+ 57. Bxd2 Kf6 58. Be4 1-0

[Event "Chigorin Memorial 2018"]
[Site "St. Petersburg"]
[Date "2018.10.29"]
[Round "3.108"]
[White "Chertkov, Maksim"]
[Black "Karasev, Vladimir I"]
[Result "0-1"]
[WhiteElo "1502"]
[BlackElo "2338"]
[PlyCount "86"]
[EventDate "2018.10.27"]
[EventType "swiss"]
[EventCountry "RUS"]
[WhiteTeam "Russland"]
[BlackTeam "Russland"]
[WhiteTeamCountry "RUS"]
[BlackTeamCountry "RUS"]

1. e4 b6 2. d4 Bb7 3. Bd3 e6 4. Nf3 Nf6 5. Qe2 d6 6. O-O Be7 7. b3 O-O 8. Bb2 d5 9. e5 Ne4 10. Nbd2 Nxd2 11. Nxd2 c5 12. c3 Nc6 13. Rae1 cxd4 14. cxd4 Nb4 15. Bb1 Ba6 16. Qg4 Bxf1 17. Nxf1 Rc8 18. Re3 g6 19. a3 Nc2 20. Rh3 Bxa3 21. Bc3 Bb4 22. Bb2 f5 23. exf6 Qxf6 24. Qe2 Ba3 25. Bc3 Rxc3 26. Rxc3 Nxd4 27. Qe3 Bc5 28. b4 Nc2 29. Qf3 Qxf3 30. gxf3 Nxb4 31. Kg2 a5 32. Ra3 Nc2 33. Ra4 Ne1+ 34. Kg3 Rxf3+ 35. Kg4 Rxf2 36. Ng3 Rb2 37. Ba2 Bb4 38. Bb1 Rxb1 39. Ra2 Nd3 40. Kg5 Kg7 41. Rc2 Rc1 42. Re2 Rc4 43. h4 h6# 0-1

[Event "Chigorin Memorial 2018"]
[Site "St. Petersburg"]
[Date "2018.10.29"]
[Round "3.109"]
[White "Fraiman, Dmitry"]
[Black "Pavlov, Mikhail"]
[Result "1-0"]
[WhiteElo "2323"]
[BlackElo "1894"]
[PlyCount "41"]
[EventDate "2018.10.27"]
[EventType "swiss"]
[EventCountry "RUS"]
[WhiteTeam "Russland"]
[BlackTeam "Russland"]
[WhiteTeamCountry "RUS"]
[BlackTeamCountry "RUS"]

1. e4 e6 2. d4 d5 3. Nc3 Nf6 4. e5 Nfd7 5. Qg4 c5 6. Nf3 cxd4 7. Nb5 Nc6 8. Bf4 a6 9. Nbxd4 h5 10. Qg3 Nc5 11. Nxc6 bxc6 12. Bd3 Qb6 13. b3 h4 14. Qg5 a5 15. O-O Ba6 16. Rfd1 a4 17. Be3 Qd8 18. Qg4 Bxd3 19. cxd3 Qa5 20. b4 Qa6 21. bxc5 1-0

[Event "Chigorin Memorial 2018"]
[Site "St. Petersburg"]
[Date "2018.10.29"]
[Round "3.110"]
[White "Saveljev, Ivan"]
[Black "Khakimov, Timur"]
[Result "0-1"]
[WhiteElo "1841"]
[BlackElo "2288"]
[PlyCount "82"]
[EventDate "2018.10.27"]
[EventType "swiss"]
[EventCountry "RUS"]
[WhiteTeam "Russland"]
[BlackTeam "Russland"]
[WhiteTeamCountry "RUS"]
[BlackTeamCountry "RUS"]

1. e4 e5 2. Nf3 Nc6 3. Bc4 Be7 4. O-O Nf6 5. d3 O-O 6. c3 d6 7. h3 Kh8 8. Ng5 Qe8 9. b4 h6 10. Nf3 Nh7 11. Nh2 f5 12. exf5 Bxf5 13. f4 Qg6 14. Kh1 d5 15. Bb5 d4 16. g4 Be6 17. f5 Bd5+ 18. Kg1 Ng5 19. Bxg5 Bxg5 20. Nf3 Be3+ 21. Kh2 Bf4+ 22. Kg1 Be3+ 23. Kh2 Qd6 24. c4 e4+ 25. Kh1 exf3 26. cxd5 Ne5 27. Nd2 Bxd2 28. Qxd2 Qxd5 29. Bc4 Qc6 30. Qf2 Rad8 31. Rac1 Qd6 32. Qd2 Rde8 33. Be6 Qe7 34. Rc5 Qh4 35. Qh2 Nxd3 36. Rxc7 Nf4 37. Bc4 Re2 38. Bxe2 fxe2 39. Qxf4 Qxh3+ 40. Kg1 exf1=Q+ 41. Qxf1 Qg3+ 0-1

[Event "Chigorin Memorial 2018"]
[Site "St. Petersburg"]
[Date "2018.10.29"]
[Round "3.111"]
[White "Chernyak, Viktoria"]
[Black "Loktionov, Kirill"]
[Result "1-0"]
[WhiteElo "2200"]
[BlackElo "1776"]
[PlyCount "79"]
[EventDate "2018.10.27"]
[EventType "swiss"]
[EventCountry "RUS"]
[WhiteTeam "Russland"]
[BlackTeam "Russland"]
[WhiteTeamCountry "RUS"]
[BlackTeamCountry "RUS"]

1. d4 d5 2. Nf3 e6 3. g3 c5 4. Bg2 Nf6 5. O-O Bd6 6. c4 O-O 7. cxd5 exd5 8. Nc3 h6 9. Nb5 cxd4 10. Nxd6 Qxd6 11. Nxd4 Be6 12. b3 Rd8 13. Bb2 Qe7 14. Rc1 Na6 15. Nxe6 fxe6 16. Qd4 Nb8 17. Rfd1 Nc6 18. Qh4 e5 19. e3 Rac8 20. Rd2 Qf7 21. Rcd1 Rc7 22. Qh3 Re7 23. Qf5 g6 24. Qc2 Red7 25. a3 Kh7 26. b4 Rc7 27. Qb3 Rcd7 28. a4 a6 29. b5 Na5 30. Qb4 Nc4 31. Bxd5 Nxd2 32. Bxf7 Nf3+ 33. Kg2 Rxd1 34. Kxf3 R1d7 35. Bb3 axb5 36. Bxe5 Ne8 37. axb5 Nc7 38. Kg2 b6 39. Bd4 Rd6 40. Bxb6 1-0

[Event "Chigorin Memorial 2018"]
[Site "St. Petersburg"]
[Date "2018.10.29"]
[Round "3.112"]
[White "Shakirov, Marat"]
[Black "Tyapkin, Petr"]
[Result "1-0"]
[WhiteElo "1821"]
[BlackElo "2080"]
[PlyCount "80"]
[EventDate "2018.10.27"]
[EventType "swiss"]
[EventCountry "RUS"]
[WhiteTeam "Russland"]
[BlackTeam "Russland"]
[WhiteTeamCountry "RUS"]
[BlackTeamCountry "RUS"]

1. d4 Nf6 2. Nf3 g6 3. c4 Bg7 4. Nc3 O-O 5. e4 d6 6. h3 e5 7. d5 Na6 8. Be3 Nc5 9. Nd2 a5 10. Be2 Nfd7 11. g4 b6 12. Qc2 Bf6 13. Nf3 Bb7 14. O-O-O Qe7 15. h4 Rfc8 16. h5 c6 17. Kb1 cxd5 18. cxd5 a4 19. Rh3 a3 20. hxg6 fxg6 21. Rdh1 Nf8 22. Bh6 axb2 23. Qxb2 Ba6 24. Bxa6 Rxa6 25. Bxf8 Rxf8 26. Rxh7 Qxh7 27. Rxh7 Kxh7 28. Nd2 Bh4 29. f3 Bg5 30. Nb5 Ra4 31. Nxd6 Bxd2 32. Qxd2 Rxf3 33. Qh2+ Kg8 34. Qh4 Rf1+ 35. Kb2 Rf2+ 36. Qxf2 Nd3+ 37. Kb3 Nxf2 38. Kxa4 Nxg4 39. Kb5 Ne3 40. Nc4 Nc2 1-0

[Event "Chigorin Memorial 2018"]
[Site "St. Petersburg"]
[Date "2018.10.29"]
[Round "3.113"]
[White "Aseev, Vladimir"]
[Black "Kurchenko, Egor"]
[Result "1-0"]
[WhiteElo "2063"]
[BlackElo "1710"]
[PlyCount "193"]
[EventDate "2018.10.27"]
[EventType "swiss"]
[EventCountry "RUS"]
[WhiteTeam "Russland"]
[BlackTeam "Russland"]
[WhiteTeamCountry "RUS"]
[BlackTeamCountry "RUS"]

1. d4 Nf6 2. c4 e6 3. Nf3 c5 4. d5 exd5 5. cxd5 d6 6. Nc3 g6 7. e4 a6 8. a4 Bg7 9. Be2 O-O 10. O-O Ne8 11. Bf4 Nd7 12. Re1 Ne5 13. Nxe5 dxe5 14. Be3 Qc7 15. d6 Qc6 16. Qd5 Nxd6 17. Red1 Rd8 18. Bg5 Be6 19. Qxc6 bxc6 20. Bxd8 Rxd8 21. Rd2 Bh6 22. Rdd1 Bb3 23. Rd3 Bc2 24. Rh3 Bg5 25. Bd1 Bxe4 26. Nxe4 Nxe4 27. Bc2 Nxf2 28. Rc3 Ng4 29. h3 Nf6 30. Kf1 Nd5 31. Rxc5 Rd6 32. Be4 Be3 33. Ra5 f5 34. Bd3 Nb4 35. Bc4+ Kf8 36. Rxe5 Nc2 37. Rb1 Bd4 38. Re6 Ne3+ 39. Rxe3 Bxe3 40. Bxa6 Rd4 41. b3 c5 42. Rb2 Ke7 43. Bc4 Bd2 44. Ke2 Ba5 45. Kf3 Re4 46. Rc2 Kd6 47. Rc1 Rd4 48. Rc2 Re4 49. Bg8 h6 50. Bf7 g5 51. Re2 Ke5 52. Rc2 Kd6 53. g3 Bb4 54. Bg6 Re5 55. Kg2 Ke7 56. Ra2 Ba5 57. Rf2 Kf6 58. Bh7 h5 59. g4 hxg4 60. hxg4 f4 61. Rf3 Re2+ 62. Kf1 Rh2 63. Bf5 Ke5 64. Rd3 Rd2 65. Rxd2 Bxd2 66. Ke2 Ba5 67. Kd3 Kd5 68. Be4+ Ke5 69. Bf3 Be1 70. Kc4 Bb4 71. Bb7 Kd6 72. Kb5 Kc7 73. Bf3 Kb8 74. Kb6 Be1 75. Kxc5 Ka7 76. b4 Bd2 77. a5 Be1 78. Kb5 Bf2 79. Ka4 Be3 80. b5 Bd4 81. b6+ Bxb6 82. axb6+ Kxb6 83. Kb4 Kc7 84. Kc5 Kd7 85. Kd5 Ke7 86. Ke5 Kf7 87. Kf5 Kg7 88. Kxg5 Kf7 89. Kxf4 Kf6 90. g5+ Kg6 91. Be4+ Kg7 92. Kf5 Kf7 93. g6+ Kf8 94. Kf6 Kg8 95. Bd5+ Kh8 96. g7+ Kh7 97. g8=Q+ 1-0

[Event "Chigorin Memorial 2018"]
[Site "St. Petersburg"]
[Date "2018.10.29"]
[Round "3.114"]
[White "Bulsoev, Alexander"]
[Black "Kharlamov, Igor"]
[Result "1/2-1/2"]
[WhiteElo "1828"]
[BlackElo "2063"]
[PlyCount "125"]
[EventDate "2018.10.27"]
[EventType "swiss"]
[EventCountry "RUS"]
[WhiteTeam "Russland"]
[BlackTeam "Israel"]
[WhiteTeamCountry "RUS"]
[BlackTeamCountry "ISR"]

1. e4 c5 2. d4 cxd4 3. c3 d3 4. Bxd3 d5 5. Bb5+ Bd7 6. Bxd7+ Nxd7 7. exd5 Nb6 8. c4 Rc8 9. b3 e6 10. dxe6 Qxd1+ 11. Kxd1 Nf6 12. Ke2 Bc5 13. Be3 O-O 14. Bxc5 Rxc5 15. Nf3 fxe6 16. Nbd2 g5 17. h3 h6 18. Rhe1 Nh5 19. Kf1 Nf4 20. Ne5 Rc7 21. Ndf3 Nd7 22. Rad1 Nxe5 23. Nxe5 h5 24. f3 Rg7 25. Nd3 g4 26. Nxf4 Rxf4 27. Kf2 Rgf7 28. Rd3 R7f6 29. Re5 R4f5 30. Rxf5 exf5 31. Rd8+ Kg7 32. Rd7+ Kg6 33. Rxb7 gxh3 34. gxh3 Kg5 35. Rd7 Ra6 36. a4 Rb6 37. Rd3 a5 38. Kg3 f4+ 39. Kf2 Kh4 40. Rd4 Rxb3 41. Rxf4+ Kxh3 42. Rf5 h4 43. Rxa5 Rb4 44. Rg5 Rxc4 45. a5 Ra4 46. Ke3 Ra3+ 47. Ke2 Ra2+ 48. Kd1 Ra3 49. f4 Ra4 50. Ke2 Rxf4 51. a6 Ra4 52. Rg6 Ra3 53. Kf2 Ra2+ 54. Kf3 Kh2 55. Re6 Ra3+ 56. Kf2 h3 57. Rg6 Ra2+ 58. Kf1 Ra5 59. Kf2 Ra2+ 60. Kf1 Ra1+ 61. Kf2 Kh1 62. Rh6 h2 63. Rg6 1/2-1/2

[Event "Chigorin Memorial 2018"]
[Site "St. Petersburg"]
[Date "2018.10.29"]
[Round "3.115"]
[White "Trifonov, Vladislav"]
[Black "Nazarova, Anastasia"]
[Result "0-1"]
[WhiteElo "1749"]
[BlackElo "2055"]
[PlyCount "88"]
[EventDate "2018.10.27"]
[EventType "swiss"]
[EventCountry "RUS"]
[WhiteTeam "Russland"]
[BlackTeam "Finnland"]
[WhiteTeamCountry "RUS"]
[BlackTeamCountry "FIN"]

1. d4 d5 2. c4 e6 3. Nc3 Nf6 4. cxd5 exd5 5. Bg5 Be7 6. e3 c6 7. Bd3 Nbd7 8. Nf3 Ne4 9. Bxe7 Qxe7 10. Bxe4 dxe4 11. Nd2 Nf6 12. O-O O-O 13. Rb1 Bf5 14. b4 a6 15. a4 Rac8 16. Qb3 Rfd8 17. Rfc1 h5 18. Ne2 Bg4 19. Qd1 h4 20. h3 Bh5 21. Rc5 Nd5 22. Qe1 Bg6 23. Nc3 b6 24. Rc4 Bf5 25. Qe2 Nf6 26. Na2 Qd7 27. Nb3 Bxh3 28. gxh3 Qxh3 29. Qf1 Qg4+ 30. Kh2 Qf3 31. Nd2 Ng4+ 32. Kg1 Qf5 33. Nc3 Rd6 34. Ncxe4 Rg6 35. Kh1 Re8 36. Re1 Rxe4 37. f3 Rxe3 38. fxg4 Qd5+ 39. Kh2 Rxe1 40. Qxe1 Rxg4 41. Qe8+ Kh7 42. Qe2 Qd6+ 43. Qe5 Qg6 44. Qe2 h3 0-1